Peterson's master the GRE general test
Peterson's® Master the GRE® General Test 2018 is the most comprehensive resource for students who want to earn top scores on the GRE® General Test. This comprehensive guide offers 4 full-length practice tests with expert test-prep tips on exam questions PLUS access to 3 additional practice test...
Đã lưu trong:
| Formáid: | Leabhar |
|---|---|
| Teanga: | Undetermined |
| Foilsithe: |
New York
Peterson's
2018
|
| Ábhair: | |
| Clibeanna: |
Cuir Clib Leis
Gan Chlibeanna, Bí ar an gcéad duine leis an taifead seo a chlibeáil!
|
| Thư viện lưu trữ: | Trung tâm Học liệu Trường Đại học Cần Thơ |
|---|
| LEADER | 00903nam a2200193Ia 4500 | ||
|---|---|---|---|
| 001 | CTU_239654 | ||
| 008 | 210402s9999 xx 000 0 und d | ||
| 082 | |a 378.1662 | ||
| 082 | |b P485 | ||
| 245 | 0 | |a Peterson's master the GRE general test | |
| 260 | |a New York | ||
| 260 | |b Peterson's | ||
| 260 | |c 2018 | ||
| 520 | |a Peterson's® Master the GRE® General Test 2018 is the most comprehensive resource for students who want to earn top scores on the GRE® General Test. This comprehensive guide offers 4 full-length practice tests with expert test-prep tips on exam questions PLUS access to 3 additional practice tests online. | ||
| 650 | |a Đại học và Cao đẳng,Universities and colleges | ||
| 650 | |x Kỳ thi,Công việc sau đại học,Examinations,Graduate work | ||
| 650 | |z Hoa Kỳ,United States | ||
| 910 | |b nthai | ||
| 980 | |a Trung tâm Học liệu Trường Đại học Cần Thơ | ||